• 首页
  • 本馆介绍
  • 公告通知
  • 最新文献
  • 馆藏检索
  • 电子资源
  • 读者导购
  • 参考咨询
  • 我的图书馆
  • 登录
  • 详细信息显示
  • 放入我的书架
  • 预约/预借图书
  • 作者相关作品
  • 分类相关作品
  • 丛书相关作品
  • 出版社相关作品

书目信息

  • 表格格式
  • 工作单格式
  • 卡片格式
书名: Many thousands gone
作者: Ira Berlin.
分册号:
分册名:
出版地: Cambridge, Mass. :
 
出版社: Belknap Press of Harvard University Press
出版时间: 1998.
页数: x, 497 p. :
开本: 24 cm.
丛书名:
中图分类号:
科图分类号:
其他分类号: K712.4
主题词:
电子资源:
000 01326cam a2200337 a 450
001 E0753127000
005 20070506144941.96
008 980403s1998 mauab b 001 0 eng
010    @a98019336
020    @a0674810929.
035    @A(DLC) 98019336
040    @aDLC@cDLC@dDLC
043    @an-us---
050 00 @aE446@b.B49 1998
082 00 @a306.3/62/097309032@2 21
090    @aK712.4
099    @dK712.4@eX30
100 1  @aBerlin, Ira,@d1941-
245 10 @aMany thousands gone :@bthe first two centuries of slavery in North America / @cIra Berlin.
260    @aCambridge, Mass. :@bBelknap Press of Harvard University Press,@c1998.
300    @ax, 497 p. :@bill., maps ;@c24 cm.
504    @aIncludes bibliographical references (p. 379-485) and index.
650  0 @aSlavery@zUnited States@xHistory@y18th century.
650  0 @aSlavery@zUnited States@xHistory@y17th century.
650  0 @aAfrican Americans@xSocial conditions@y17th century.
650  0 @aAfrican Americans@xSocial conditions@y18th century.
906    @a7@bcbc@corignew@d1@eocip@f19@gy-gencatlg
920    @a**LC HAS REQ’D # OF SHELF COPIES**
955    @apc16 to la00 04-03-98; lk24 04-06-98; lk29 (E446) 04-08-98; to SL 04-08-98; lk02 04-13-98
984    @agsl
991    @bc-GenColl@hE446@i.B49 1998@p00057712314@tCopy 1@wBOOKS
    
    Many thousands gone : : the first two centuries of slavery in North America / / Ira Berlin.-Cambridge, Mass. : : Belknap Press of Harvard University Press, , 1998.
    x, 497 p. : : ill., maps ; ; 24 cm.
    Includes bibliographical references (p. 379-485) and index.
    
    ISBN 0674810929.
    
●
相关链接 在E读中查询图书 在五车中查询图书 在当当中查询图书 在豆瓣中查询图书


正题名:Many thousands gone     索取号:K712.4/X30         预约/预借

序号 登录号 条形码 馆藏地/架位号 状态 备注
1 0007402   300074023   第二样本阅览室/ [索取号:K712.4/X30] 在馆    
2 0007403   300074032   密集书库/ [索取号:K712.4/X30] 在馆    
3 0007404   300074041   密集书库/ [索取号:K712.4/X30] 在馆    
4 0007405   300074050   第四借阅区/ [索取号:K712.4/X30] 在馆    
5 0007406   300074069   第四借阅区/ [索取号:K712.4/X30] 在馆    
唐山师范学院图书馆 欢迎您!
大连网信软件有限公司© 版权所有